000 00306nam a22001337a 4500
008 180823b xxu||||| |||| 00| 0 eng d
020 _a9781416030256
041 _aeng
080 _26 ED
_a615
100 _a5
101 _aFAR
245 _aPHARMACOLOGY FOR NURSING CARE
_cLEHNE.R.A
942 _2udc
_cBK
999 _c47271
_d47271